| 000 | 00550nam a22001697a 4500 | ||
|---|---|---|---|
| 005 | 20251108175856.0 | ||
| 008 | 250721s2020 xx 000 0 ara d | ||
| 082 | 1 | 4 | _a615.8/بطو |
| 100 | 1 | _aبطوطه، ضاري | |
| 245 | 1 | 0 |
_aمرض الشلل الدماغي : _bالعلاج بالتمارين العلاجية الرياضية / |
| 264 | 1 |
_aبغداد : _bمكتبة دجله، _c2020. |
|
| 300 | _a173ص. | ||
| 650 | 1 | 7 | _aالعلاج الطبيعي |
| 650 | 1 | 7 | _aمرض الشلل الدماغي |
| 942 |
_2ddc _cBK |
||
| 999 |
_c144516 _d144516 |
||